000 00869nam a22002057a 4500
003 BD-DhUL
005 20160907162936.0
008 160907s1996 bg ||||| |||| 000 0 ben d
040 _aBD-DhUL
_cBD-DhUL
082 _a954.14
_bBAA
100 1 _aকাসেম, ডা: এম. এ.
245 1 0 _aআঠারো শতকের বাংলার নবাব- অন্ত:পুর :
_bবেগমদের কাহিনী /
_cডা: এম. এ. কাসেম, সুভাষ চন্দ্র রায়
250 _a১ম প্র.
260 _aঢাকা :
_bজাগৃতি প্রকাশনী,
_c১৯৯৬.
300 _a৬৪পৃ. ;
_c২২ সে. মি.
650 0 _aবাংলা- ইতিহাস
650 0 _aBanlga -History
700 1 _a রায়, সুভাষ চন্দ্র
942 _2ddc
_cBK
999 _c104687
_d104687